Odiolândia (Registo nº 35816)
[ vista simples ]
| 000 -Etiqueta do registo | |
|---|---|
| Valores | 00758nam a2200253 4500 |
| 010 ## - Número ISBN | |
| ISBN | 9789898975812 |
| 021 ## - Número do Depósito Legal | |
| Código do país | Portugal |
| 100 ## - Dados gerais de processamento | |
| Dados gerais | 20230710 pory50 |
| 101 0# - Língua de publicação | |
| Língua | Português |
| 102 ## - País de publicação | |
| País | Portugal |
| 200 1# - Titulo e menção de responsabilidade | |
| Título próprio | Odiolândia |
| Informação de outro título | como nos podemos proteger do ódio nas redes sociais |
| Primeira menção de responsabilidade | Teresa Paula Marques |
| 205 ## - Menção da edição | |
| Edição | 1.ª ed |
| 210 #9 - Publicação | |
| Local de publicação | Barcarena |
| Nome do editor | Manuscrito, |
| Data de publicação | 2021 |
| 215 ## - Descrição física | |
| Paginação / Volumes | 290 p. |
| Outras indicações físicas | il. |
| Dimensões | 23 cm |
| 304 ## - Nota relativa ao título | |
| Texto de nota | Tít. orig.: Odiolândia |
| 675 ## - CDU | |
| Notação | 159.942(035) |
| Edição | BN |
| Língua | por |
| 675 ## - CDU | |
| Notação | 316.64(035) |
| Edição | BN |
| Língua | por |
| 700 #1 - Autor principal | |
| Apelido | Marques, |
| Nome | Teresa Paula, |
| Datas | 1966- |
| 801 #0 - Fonte de origem | |
| País | PT |
| Agência | BN |
| Regras de catalogação | RPC |
| 856 41 - Localização e acesso electrónico | |
| URL | <a href="http://rnod.bnportugal.gov.pt/ImagesBN/winlibimg.aspx?skey=&doc=2086095&img=158679&save=true">http://rnod.bnportugal.gov.pt/ImagesBN/winlibimg.aspx?skey=&doc=2086095&img=158679&save=true</a> |
| 090 ## - Tipo de documento | |
| Koha biblioitem number (autogenerated) | 35816 |
| 990 ## - Elementos KOHA | |
| Tipo de documento | Livro |
| 994 ## - Estado da catalogação | |
| Situação | Completo |
| Situação do levantamento | Situação do extravio | Biblioteca de origem | Biblioteca de empréstimo | Código de barras | Cota | Permissão de empréstimo | Tipo de documento | Forma de aquisição |
|---|---|---|---|---|---|---|---|---|
| Completo | Biblioteca da Escola Básica e Secundária Dr Isidoro de Sousa | Biblioteca da Escola Básica e Secundária Dr Isidoro de Sousa | 8298 | 159.9 MAR | Disponível | Livro |